<<Id a Galilea>> : al encuentro del Cristo pascual /

Kaydedildi:
Detaylı Bibliyografya
Yazar: Leclerc, Eloi (autor)
Materyal Türü: Kitap
Dil:İspanyolca
Baskı/Yayın Bilgisi: Santander, España : Sal Terrae, 2006, c2006
Seri Bilgileri:(El Pozo de Siquem ; 186)
Etiketler: Etiketle
Etiket eklenmemiş, İlk siz ekleyin!

MARC

LEADER 00000nam^a2200000^a^4500
001 000613373
005 20250521000000.0
009 20260310133621.079
020 |a 84-293-1644-2 
025 |a Donación Juan Lafarga Corona, 1 ejemplar 
037 |a Acervo Xavier Clavigero 
041 |a ESP 
091 |a FLC. 00261 
100 |a Leclerc, Eloi  |e (autor) 
245 1 0 |a <<Id a Galilea>> :  |b al encuentro del Cristo pascual / 
264 4 |a Santander, España :  |b Sal Terrae,  |c 2006, c2006 
300 |a 96 p. 
336 |a texto  |b txt  |2 rdacontenido 
337 |a sin mediación  |b n  |2 rdamedio 
338 |a volumen  |b nc  |2 rdasoporte 
440 4 |a (El Pozo de Siquem ;  |v 186) 
500 |a Traducción de: Pâques en Galilée ou La rencontre du Christ pascal 
649 |a XX 
910 |a Fondo Juan Lafarga Corona S.J. 
920 |a Impresos - Libros 
930 |a Fondos Especiales 
905 |a 145 
901 |a 613373-10  |b IT2  |c ESL  |i D  |u 20250521 
902 |a https://opac.biblio.iteso.mx/vufind/Record/000613373